000 00548nam a2200181Ia 4500
003 GCL
008 140319s9999 xx 000 0 ara d
040 _aGCL /
_cGCL
082 0 4 _a330.15
_bس ا
100 1 _aسعيد النجار
245 1 0 _aالاقتصاد العالمى والبلاد العربية فى عقد التسعينات /
_cسعيد النجار
300 _a239 ص
490 _a
650 0 4 _aالاقتصاد
650 0 4 _aالتكامل الاقتصادى
650 0 4 _aالاقتصاد الدولى
942 _2ddc
_cBK
999 _c41187
_d41187